IFM Opac

British Insurance. (Record no. 14262)

MARC details
000 -LEADER
fixed length control field 00319nam a22001337a 4500
020 ## - INTERNATIONAL STANDARD BOOK NUMBER
International Standard Book Number 0236176188
082 ## - DEWEY DECIMAL CLASSIFICATION NUMBER
Classification number 368.942CLA.
100 ## - MAIN ENTRY--PERSONAL NAME
Personal name Clayton, G.
245 ## - TITLE STATEMENT
Title British Insurance.
260 ## - PUBLICATION, DISTRIBUTION, ETC.
Place of publication, distribution, etc. London.
Name of publisher, distributor, etc. Elke books
Date of publication, distribution, etc. 1971.
300 ## - PHYSICAL DESCRIPTION
Extent 381p.
Other physical details ill.; 24cm.
500 ## - GENERAL NOTE
General note Includes bibliography and Index.
942 ## - ADDED ENTRY ELEMENTS (KOHA)
Koha item type Books
Holdings
Withdrawn status Lost status Damaged status Not for loan Home library Current library Shelving location Date acquired Total Checkouts Full call number Barcode Date last seen Price effective from Koha item type
Withdrawn       IFM Main Campus Library IFM Main Campus Library Archival Collection 11/25/2015   368.942CLA. 0000011661 11/25/2015 02/19/2022 Books